Psycho-cybernetics [
| Main Author: | |
|---|---|
| Format: | Book |
| Published: |
Los Angeles :
Audio Renaissance Tapes ,
1988
|
| Subjects: |
MARC
| LEADER | 00000cam a2200000 7i4500 | ||
|---|---|---|---|
| 001 | 0000001401 | ||
| 002 | 000001541 | ||
| 005 | 20021108.0 | ||
| 020 | |a 094068747X | ||
| 090 | 0 | 0 | |a 003.5 |b MAL |
| 100 | 0 | |a Maltz, Maxwell | |
| 245 | 1 | 0 | |a Psycho-cybernetics [ |h sound recording] |c Dr. Maxwell Maltz |
| 260 | |a Los Angeles : |b Audio Renaissance Tapes , |c 1988 | ||
| 300 | |a 2 sound cassettes [2 hours] |e 1 workbook | ||
| 650 | 0 | 0 | |a Psycho-cybernetic |x Self-controls |x Success |
| 999 | |a 00007 |b KASET |c KOLEKSI AUDIO VIDEO |e PERPUSTAKAAN KOMUNITI PETALING JAYA | ||